Embajador en el infierno: memorias del capitán Palacios, once años de cautiverio en Rusia

Saved in:
Bibliografiske detaljer
Hovedforfatter: Luca de Tena, Torcuato (autor)
Format: Bog
Sprog:spansk
Udgivet: Barcelona Planeta 1976
Udgivelse:1a. ed
Serier:Popular Planeta
Fag:
Tags: Tilføj Tag
Ingen Tags, Vær først til at tagge denne postø!

MARC

LEADER 00000nam a2200000 a 4500
001 UCQ6115
003 CL-VaPUC
008 981009e19760000SP |||||||||||||||||spa|d
020 |a 8432021520 
082 0 4 |a 863  |b LUC  |2 21 
100 |a Luca de Tena, Torcuato  |e autor  |9 547553 
245 1 0 |a Embajador en el infierno: memorias del capitán Palacios, once años de cautiverio en Rusia 
250 |a 1a. ed 
300 |a 271 p 
942 |c BK 
945 |d 19981009 00:00:00  |a lriquelm 
260 |a Barcelona  |b Planeta  |c 1976 
650 0 |a Literatura española  |9 306261 
650 0 |a Novelas españolas  |9 265052 
583 |a last modification  |c 19981009 00:00:00  |k Rodrigo Vera 
490 0 |a Popular Planeta 
999 |c 276117  |d 276115 
952 |0 0  |1 0  |4 0  |6 863_000000000000000_LUC_1976  |7 0  |8 A  |9 313248  |a FDOPOS  |b FDOPOS  |d 2019-11-20  |i 1478435  |o 863 LUC 1976  |p 1478435  |r 2025-01-22  |w 2019-11-20  |y BK  |k MLH 
952 |0 0  |1 0  |4 0  |6 863_000000000000000_LUC_1976  |7 0  |8 X  |9 313249  |a FDOBUD  |b FDOBUD  |d 2019-11-20  |i 4605055  |o 863 LUC 1976  |p 4605055  |r 2019-11-20  |w 2019-11-20  |y BK_X  |k BUD